[Event "I Festival A"]
[Site "Fano ITA"]
[Date "2012.08.04"]
[Round "8"]
[White "Gallucci, Alessio"]
[Black "Brancaleoni, Maurizio"]
[WhiteElo "2245"]
[BlackElo "2224"]
[Result "1/2-1/2"]
[PlyCount "100"]
[EventDate "2012.07.30"]

1. d4 d5 2. e4 dxe4 3. f3 e5 4. dxe5 Qxd1+ 5. Kxd1 Nc6 6. Bb5 Bd7 7. e6 Bxe6 8.
Bxc6+ bxc6 9. fxe4 Nf6 10. Nd2 O-O-O 11. Ke2 Bc5 12. Nb3 Bxb3 13. axb3 Rhe8 14.
Bg5 Rxe4+ 15. Kf3 Re6 16. Ne2 h6 17. Bc1 Rde8 18. Nc3 Nd5 19. Nxd5 cxd5 20. Ra5
Rf6+ 21. Kg3 Bf2+ 22. Kh3 c6 23. Bd2 Re2 24. Bc3 d4 25. Bb4 d3 26. Bc3 Rd6 27.
cxd3 Rxd3+ 28. g3 g6 29. Ra4 f5 30. Bg7 Be3 31. Rc4 Kd7 32. Rb4 Ke6 33. Rh4
Rxb3 34. Rc4 Kd5 35. Ra4 Rd3 36. Rh4 h5 37. Ra4 Bb6 38. Bc3 Re4 39. Raa1 Ke6
40. Rac1 Bd4 41. Bxd4 Rdxd4 42. Rxc6+ Rd6 43. Rxd6+ Kxd6 44. Ra1 g5 45. Rxa7
Re2 46. Ra6+ Ke5 47. Ra5+ Kf6 48. Ra6+ Ke5 49. Ra5+ Kf6 50. Ra6+ Ke5 1/2-1/2

[Event "I Festival A"]
[Site "Fano ITA"]
[Date "2012.08.04"]
[Round "8"]
[White "Iasman, Inna"]
[Black "Parpinel, Marco"]
[WhiteElo "1970"]
[BlackElo "2159"]
[Result "0-1"]
[PlyCount "66"]
[EventDate "2012.07.30"]

1. d4 d5 2. c4 Nc6 3. Nf3 Bg4 4. e3 Nf6 5. Nc3 e6 6. Be2 Bb4 7. O-O dxc4 8.
Bxc4 O-O 9. h3 Bh5 10. Be2 Bg6 11. Bd2 Re8 12. a3 Bf8 13. Qb3 a6 14. Rac1 Ne4
15. Nxe4 Bxe4 16. Bc3 Bd5 17. Qc2 f5 18. Ne1 Bd6 19. f4 g5 20. Bh5 Rf8 21. Qf2
gxf4 22. exf4 Kh8 23. Nd3 Rg8 24. Bf3 Ne7 25. Rfe1 Rg6 26. Bxd5 Nxd5 27. Ne5
Bxe5 28. Rxe5 Qd7 29. Qf3 Rag8 30. Rc2 Rg3 31. Qf1 Rxh3 32. Bd2 Qg7 33. Bc3 Qh6
0-1

[Event "I Festival A"]
[Site "Fano ITA"]
[Date "2012.08.04"]
[Round "8"]
[White "Laketic, Gojko"]
[Black "Arnaudov, G. Petar"]
[WhiteElo "2440"]
[BlackElo "2486"]
[Result "1/2-1/2"]
[PlyCount "32"]
[EventDate "2012.07.30"]

1. d4 Nf6 2. Nf3 e6 3. c4 Nc6 4. a3 d6 5. Nc3 g6 6. e4 Bg7 7. Be2 O-O 8. O-O
Re8 9. d5 exd5 10. cxd5 Ne7 11. Bf4 c6 12. dxc6 Nxc6 13. Bc4 Be6 14. Bxe6 Rxe6
15. Re1 h6 16. h3 Qb6 1/2-1/2

[Event "I Festival A"]
[Site "Fano ITA"]
[Date "2014.08.04"]
[Round "8"]
[White "Petrone, Gianmario"]
[Black "Rago, Riccardo"]
[WhiteElo "1930"]
[BlackElo "2079"]
[Result "1-0"]
[PlyCount "33"]
[EventDate "2012.07.30"]

1. e4 c5 2. Nf3 Nc6 3. d4 cxd4 4. Nxd4 Nf6 5. Nc3 e5 6. Ndb5 d6 7. Bg5 a6 8.
Na3 b5 9. Bxf6 gxf6 10. Nd5 f5 11. Bd3 Be6 12. O-O Bg7 13. Qh5 Rb8 14. c3 Bxd5
15. exd5 Ne7 16. Bxf5 Nxd5 17. Be6 1-0

[Event "I Festival A"]
[Site "Fano ITA"]
[Date "2012.08.04"]
[Round "8"]
[White "Piro, Valerio"]
[Black "Marozzi, Giovanni"]
[WhiteElo "2013"]
[BlackElo "1928"]
[Result "1-0"]
[PlyCount "108"]
[EventDate "2012.07.30"]

1. e4 c5 2. c3 e6 3. d4 cxd4 4. cxd4 d5 5. e5 Nc6 6. Nf3 Nge7 7. a3 Nf5 8. Be3
Bd7 9. Bd3 Nxe3 10. fxe3 Be7 11. O-O O-O 12. Nbd2 h6 13. e4 Qb6 14. Nb3 dxe4
15. Bxe4 a5 16. Kh1 a4 17. Nc1 Na5 18. Nd3 Nb3 19. Rb1 Nxd4 20. Nxd4 Qxd4 21.
Bxb7 Ra7 22. Rf4 Qb6 23. Be4 Qe3 24. Qh5 Bg5 25. Re1 Qd2 26. Rf2 Qa5 27. h4 Bd2
28. Ree2 f5 29. Bxf5 Rxf5 30. Rxf5 exf5 31. e6 Bxe6 32. Qe8+ Kh7 33. Qxe6 Ra6
34. Qc8 Ra8 35. Qc2 Rd8 36. Rxd2 Qd5 37. Rd1 Qd4 38. Qf2 Qe4 39. Qf3 Qxh4+ 40.
Kg1 Qf6 41. Rf1 Qd4+ 42. Nf2 g6 43. Rd1 Qb6 44. Rxd8 Qxd8 45. Qb7+ Kh8 46. Qb4
Qe8 47. Qd4+ Kh7 48. Kf1 Qc6 49. Nd3 g5 50. Ne5 Qc1+ 51. Kf2 Qc2+ 52. Kg1 Qc1+
53. Kh2 Qf4+ 54. Qxf4 gxf4 1-0

[Event "I Festival A"]
[Site "Fano ITA"]
[Date "2012.08.04"]
[Round "8"]
[White "Pulito, Alberto"]
[Black "Solodovnichenko, Yuri"]
[WhiteElo "2252"]
[BlackElo "2598"]
[Result "0-1"]
[PlyCount "74"]
[EventDate "2012.07.30"]

1. e4 d6 2. d4 Nf6 3. Nc3 g6 4. Nf3 Bg7 5. Bc4 O-O 6. Qe2 Bg4 7. O-O Nc6 8. Rd1
e5 9. dxe5 Nxe5 10. Bg5 Qc8 11. Bh4 Nh5 12. Bg3 Bxf3 13. gxf3 Qh3 14. Kh1 Nxc4
15. Qxc4 Nf4 16. Qf1 Qh5 17. Bxf4 Qxf3+ 18. Qg2 Qxf4 19. Nd5 Qh4 20. c3 c6 21.
Ne3 Qf4 22. Rd3 Rae8 23. Rad1 Re5 24. Nf5 d5 25. Nxg7 dxe4 26. Qg3 Qxg3 27.
Rxg3 Kxg7 28. Rd7 Rb8 29. Rg4 g5 30. h4 h6 31. Rg1 Kf6 32. Rd6+ Kg7 33. Rd7 a5
34. Kh2 a4 35. hxg5 hxg5 36. Rg4 Kg6 37. Kg3 Rd5 0-1

[Event "I Festival A"]
[Site "Fano ITA"]
[Date "2012.08.04"]
[Round "8"]
[White "Rizzardi, Franco"]
[Black "Salzano, Guido"]
[WhiteElo "2026"]
[BlackElo "2023"]
[Result "0-1"]
[PlyCount "50"]
[EventDate "2012.07.30"]

1. e4 e5 2. Nf3 Nc6 3. Bb5 a6 4. Ba4 d6 5. c3 Bd7 6. h3 Nge7 7. O-O Ng6 8. d4
Be7 9. Nbd2 h6 10. Re1 Bg5 11. Nf1 Bxc1 12. Rxc1 O-O 13. Ng3 Qf6 14. d5 Nb8 15.
Bxd7 Nxd7 16. Nh5 Qe7 17. g4 Nf6 18. Ng3 Nf4 19. Nf5 Qd7 20. Kh2 g6 21. Nxh6+
Kg7 22. Nf5+ gxf5 23. gxf5 Rh8 24. Rg1+ Kf8 25. Ng5 Nxe4 0-1

[Event "I Festival A"]
[Site "Fano ITA"]
[Date "2012.08.04"]
[Round "8"]
[White "Rovedi, Mauro"]
[Black "Chierici, Marianna"]
[WhiteElo "2056"]
[BlackElo "2050"]
[Result "0-1"]
[PlyCount "108"]
[EventDate "2012.07.30"]

1. f4 c5 2. Nf3 Nf6 3. g3 Nc6 4. Bg2 d5 5. d3 g6 6. O-O Bg7 7. Nbd2 Ng4 8. Nb3
Qb6 9. c4 dxc4 10. dxc4 Be6 11. h3 Rd8 12. Qc2 Nb4 13. Qb1 Bxc4 14. hxg4 Bxe2
15. Be3 Qe6 16. Bxc5 Nd3 17. Qc2 Bxf1 18. Bxf1 Nxc5 19. Qxc5 Qxg4 20. Bb5+ Kf8
21. Kg2 Bxb2 22. Ne5 Qc8 23. Rf1 Qxc5 24. Nxc5 Bxe5 25. fxe5 Rd5 26. e6 Rf5 27.
Rxf5 gxf5 28. Bd3 fxe6 29. Nxe6+ Kf7 30. Bxf5 Kf6 31. g4 h5 32. Kg3 hxg4 33.
Bxg4 Rg8 34. Nc5 b6 35. Nd7+ Kg5 36. Ne5 Rb8 37. Nc6 Re8 38. Nxa7 e5 39. Nc8
Rd8 40. Be6 Rd3+ 41. Kf2 b5 42. Bb3 Kf4 43. Na7 Rd2+ 44. Ke1 Ke3 45. Nxb5 Rh2
46. Bc4 Rc2 47. Bb3 Rc1+ 48. Bd1 Kd3 49. Nd6 Ra1 50. a4 Ra2 51. Nb7 Ke3 52. Nd6
e4 53. Nf5+ Kd3 54. Be2+ Rxe2+ 0-1

[Event "I Festival A"]
[Site "Fano ITA"]
[Date "2012.08.04"]
[Round "8"]
[White "Rubini, Alessandro"]
[Black "Di Lascio, Savino"]
[WhiteElo "1917"]
[BlackElo "1946"]
[Result "1/2-1/2"]
[PlyCount "68"]
[EventDate "2012.07.30"]

1. e4 c6 2. Nf3 d5 3. Nc3 dxe4 4. Nxe4 Nf6 5. Nxf6+ gxf6 6. g3 Qd5 7. Bg2 Qe4+
8. Qe2 Qxc2 9. Nh4 Be6 10. Be4 Qc5 11. O-O Bh3 12. Rd1 Qd4 13. d3 h5 14. Be3
Qd7 15. d4 f5 16. Bf3 Bg4 17. d5 cxd5 18. Rxd5 Qxd5 19. Bxd5 Bxe2 20. Bxb7 e6
21. Bxa8 Bg7 22. Bxa7 O-O 23. Bf3 Bxf3 24. Nxf3 Nc6 25. Bc5 Ra8 26. a4 Bxb2 27.
Ra2 Bf6 28. Bb6 Nb4 29. Ra3 Nc2 30. Ra2 Nb4 31. Ra3 Nc2 32. Ra2 Nb4 33. Ra3 Nc2
34. Ra2 Nb4 1/2-1/2

[Event "I Festival A"]
[Site "Fano ITA"]
[Date "2012.08.04"]
[Round "8"]
[White "Rusev, Krasimir"]
[Black "Pein, Malcolm"]
[WhiteElo "2540"]
[BlackElo "2377"]
[Result "1-0"]
[PlyCount "35"]
[EventDate "2012.07.30"]

1. d4 Nf6 2. c4 c5 3. d5 b5 4. Qc2 bxc4 5. e4 d6 6. Bxc4 g6 7. Nf3 Bg7 8. O-O
O-O 9. h3 Ba6 10. Nbd2 Bxc4 11. Nxc4 Nfd7 12. Bd2 Nb6 13. Na5 Na6 14. Rac1 Nc7
15. Bc3 Qd7 16. Rfe1 Rfe8 17. Bxg7 Kxg7 18. b4 1-0

[Event "I Festival A"]
[Site "Fano ITA"]
[Date "2012.08.04"]
[Round "8"]
[White "Tonel, Giulia"]
[Black "Sindoni, Antonio"]
[WhiteElo "1967"]
[BlackElo "1931"]
[Result "1-0"]
[PlyCount "143"]
[EventDate "2012.07.30"]

1. d4 Nf6 2. c4 c5 3. e3 g6 4. Nc3 cxd4 5. exd4 d5 6. Nf3 Bg7 7. Be3 O-O 8. Rc1
Nc6 9. cxd5 Nxd5 10. Be2 Bf5 11. O-O Qd7 12. Bc4 e6 13. h3 Nxc3 14. bxc3 Be4
15. Nd2 Bd5 16. Be2 Ne7 17. Nb3 b6 18. Bf3 Qc6 19. Bxd5 exd5 20. Qf3 Rac8 21.
Bf4 Nf5 22. Rc2 Nd6 23. Bxd6 Qxd6 24. Qd3 Rfd8 25. Rd1 Qc6 26. Rdc1 Bh6 27. Re1
Qc4 28. Qf3 Re8 29. Rce2 Rxe2 30. Rxe2 Bf8 31. Re5 Rd8 32. g3 Qc6 33. Kg2 f6
34. Re2 Kf7 35. Nd2 Rd6 36. Nf1 Bh6 37. Qd3 Re6 38. Rxe6 Qxe6 39. Qa6 Qd7 40.
c4 dxc4 41. Qxc4+ Qe6 42. d5 Qd6 43. Qe4 Qe5 44. Qxe5 fxe5 45. Kf3 Ke7 46. Ke4
Kd6 47. Nh2 Bc1 48. Nf3 Bb2 49. Ng5 b5 50. Nf7+ Ke7 51. Nxe5 Kd6 52. f4 a5 53.
g4 a4 54. Nd3 Bc3 55. a3 Bd2 56. Kd4 b4 57. Nxb4 Bxf4 58. Nd3 Bd2 59. Nb2 Bc1
60. Nc4+ Kd7 61. Kc5 h5 62. Kb4 hxg4 63. hxg4 Bh6 64. Kxa4 Bf8 65. Kb5 Bg7 66.
Kc5 Bc3 67. a4 Be1 68. Ne5+ Kc7 69. d6+ Kd8 70. Nxg6 Bg3 71. Kc6 Bxd6 72. Kxd6
1-0

[Event "I Festival A"]
[Site "Fano ITA"]
[Date "2012.08.04"]
[Round "8"]
[White "Varvaglione, Antonio"]
[Black "Faini, Marco"]
[WhiteElo "2011"]
[BlackElo "1908"]
[Result "1-0"]
[PlyCount "99"]
[EventDate "2012.07.30"]

1. e4 c5 2. c3 d6 3. d4 Nf6 4. Bd3 g6 5. Nf3 Bg7 6. O-O O-O 7. Re1 Qc7 8. Qe2
e5 9. dxe5 dxe5 10. Bg5 Be6 11. Bxf6 Bxf6 12. Nbd2 Nc6 13. Nf1 Rfd8 14. Ne3 Rd6
15. Bc4 Rad8 16. Rad1 Ne7 17. Rxd6 Rxd6 18. Bxe6 Rxe6 19. Rd1 Rd6 20. Nc4 Rxd1+
21. Qxd1 b5 22. Qd6 Qxd6 23. Nxd6 b4 24. Nb7 bxc3 25. bxc3 Nc6 26. Nxc5 Be7 27.
Nd3 f6 28. Kf1 Kf7 29. Ke2 Ke6 30. Nd2 h6 31. Nc4 h5 32. Kd2 f5 33. f3 fxe4 34.
fxe4 Bg5+ 35. Kc2 Bf6 36. Kb3 g5 37. Ka4 Ne7 38. Nc5+ Kf7 39. Nd6+ Kg7 40. Nf5+
Nxf5 41. exf5 Be7 42. Ne4 Kf7 43. Kb5 Bd8 44. c4 g4 45. h3 Bh4 46. Ka6 Ke7 47.
Kxa7 Kd7 48. Kb7 Be7 49. hxg4 hxg4 50. c5 1-0

[Event "I Festival A"]
[Site "Fano ITA"]
[Date "2012.08.05"]
[Round "9"]
[White "Buriani, Andrea"]
[Black "Piro, Valerio"]
[WhiteElo "2174"]
[BlackElo "2013"]
[Result "1/2-1/2"]
[PlyCount "92"]
[EventDate "2012.07.30"]

1. d4 d5 2. Nf3 c6 3. e3 Bg4 4. Nbd2 Nd7 5. h3 Bh5 6. c4 e6 7. Bd3 Ngf6 8. b3
Bd6 9. Bb2 O-O 10. Qc2 Bg6 11. O-O Bxd3 12. Qxd3 Qc7 13. Rac1 a5 14. a3 Qb8 15.
Rc2 Qa7 16. Rd1 Qa6 17. e4 dxe4 18. Nxe4 Nxe4 19. Qxe4 Nf6 20. Qe3 Qa7 21. a4
Rfd8 22. Rcd2 Be7 23. Qe2 Qb6 24. Rd3 Qc7 25. Ne5 Nd7 26. Ng4 Nf6 27. Ne5 Nd7
28. Nf3 Nf6 29. Qe3 Rab8 30. Rc1 Bd6 31. Ne5 Bxe5 32. dxe5 Rxd3 33. Qxd3 Rd8
34. Qc2 Ne8 35. Rd1 c5 36. Rd3 h6 37. Qd2 Rxd3 38. Qxd3 Kf8 39. f3 Ke7 40. Kf2
Qd7 41. Ke3 Qxd3+ 42. Kxd3 Nc7 43. g4 Na6 44. h4 Nb4+ 45. Ke4 Nc6 46. f4 Kf8
1/2-1/2

[Event "I Festival A"]
[Site "Fano ITA"]
[Date "2012.08.05"]
[Round "9"]
[White "Chierici, Marianna"]
[Black "Petrone, Gianmario"]
[WhiteElo "2050"]
[BlackElo "1930"]
[Result "1-0"]
[PlyCount "73"]
[EventDate "2012.07.30"]

1. d4 Nf6 2. Bg5 e6 3. e4 Be7 4. Nd2 d5 5. e5 Nfd7 6. Bxe7 Qxe7 7. Qg4 O-O 8.
Bd3 b6 9. Nh3 h6 10. f4 c5 11. O-O cxd4 12. Nf3 Nc6 13. Bb5 Qc5 14. Bxc6 Qxc6
15. Nxd4 Qc5 16. Rad1 Ba6 17. Rf2 Rae8 18. Kh1 Qc7 19. Rf3 Nc5 20. Ra3 Qc8 21.
Rg3 g6 22. Qh4 Kg7 23. Qf6+ Kg8 24. Qh4 Kg7 25. Nf2 Qd8 26. Qg4 h5 27. Qxh5 Rh8
28. Qf3 Rh4 29. b4 Nd7 30. b5 Bb7 31. Re1 Reh8 32. h3 Nc5 33. Qe3 Kf8 34. Qa3
Rxf4 35. Nd3 Rxd4 36. Nxc5 Qe7 37. Nxb7 1-0

[Event "I Festival A"]
[Site "Fano ITA"]
[Date "2012.08.05"]
[Round "9"]
[White "Di Lascio, Savino"]
[Black "Iasman, Inna"]
[WhiteElo "1946"]
[BlackElo "1970"]
[Result "0-1"]
[PlyCount "94"]
[EventDate "2012.07.30"]

1. b4 d5 2. Bb2 Nf6 3. Nf3 e6 4. b5 Bd6 5. a4 c5 6. e3 O-O 7. c4 Nbd7 8. Qc2
Qe7 9. Na3 e5 10. cxd5 Nxd5 11. e4 Nb4 12. Qc3 Nb6 13. Nc4 Nxc4 14. Bxc4 Be6
15. Bxe6 Qxe6 16. O-O Rfe8 17. Ng5 Qg6 18. Nf3 Qxe4 19. Rae1 Qd3 20. Nxe5 Qxc3
21. Bxc3 Bxe5 22. Rxe5 Rxe5 23. Bxe5 Nd3 24. Bc3 Re8 25. h3 Re4 26. Ra1 Re2 27.
Rf1 f6 28. f3 Kf7 29. h4 Ke6 30. Kh2 Kf5 31. Kg3 g5 32. hxg5 fxg5 33. Rh1 Nf4
34. Rg1 h5 35. Kh2 h4 36. Kh1 g4 37. fxg4+ Kxg4 38. d4 cxd4 39. Bxd4 a6 40.
bxa6 bxa6 41. Bb6 Rc2 42. Rf1 Nxg2 43. Rf8 Nf4 44. Be3 Ne2 45. Rd8 Ng3+ 46. Kg1
Kf3 47. Bf2 Rc1+ 0-1

[Event "I Festival A"]
[Site "Fano ITA"]
[Date "2012.08.05"]
[Round "9"]
[White "Djuric, Stefan"]
[Black "Calavalle, Giulio"]
[WhiteElo "2442"]
[BlackElo "2185"]
[Result "1-0"]
[PlyCount "59"]
[EventDate "2012.07.30"]

1. d4 c5 2. d5 f5 3. g3 g6 4. Bg2 d6 5. h4 Nf6 6. Nh3 Na6 7. Nf4 Nc7 8. a4 b6
9. Nc3 Bg7 10. h5 gxh5 11. e4 e5 12. dxe6 Bxe6 13. Nxe6 Nxe6 14. exf5 Nd4 15.
Nb5 Nxb5 16. axb5 Qe7+ 17. Qe2 d5 18. Qxe7+ Kxe7 19. Bg5 Kd6 20. O-O d4 21.
Rae1 Raf8 22. Bc6 c4 23. Bf4+ Kc5 24. Re5+ Kb4 25. Re7 Ne8 26. Bxe8 Rxe8 27.
Rxg7 Re2 28. f6 d3 29. Bd6+ Kxb5 30. f7 1-0

[Event "I Festival A"]
[Site "Fano ITA"]
[Date "2012.08.05"]
[Round "9"]
[White "Faini, Marco"]
[Black "Marozzi, Giovanni"]
[WhiteElo "1908"]
[BlackElo "1928"]
[Result "1-0"]
[PlyCount "161"]
[EventDate "2012.07.30"]

1. c4 c5 2. g3 g6 3. Bg2 Bg7 4. Nc3 Nf6 5. e4 d6 6. Nge2 Nc6 7. d3 a6 8. f4 e6
9. h3 Qc7 10. O-O O-O 11. Rb1 Rb8 12. a4 Bd7 13. b3 Rfd8 14. Be3 Nb4 15. d4
cxd4 16. Bxd4 Bc6 17. Qd2 d5 18. cxd5 exd5 19. e5 Ne8 20. Rbc1 Qe7 21. Nd1 a5
22. Bb6 Ra8 23. Bxd8 Rxd8 24. Nd4 Bd7 25. Ne3 Be6 26. g4 Bc8 27. g5 Nc7 28.
Nec2 Bf8 29. Nxb4 axb4 30. Rc2 Na6 31. Rfc1 Be6 32. Bf1 Nb8 33. Rc7 Rd7 34. Rc8
Nc6 35. Nxc6 bxc6 36. R8xc6 Ra7 37. Qd4 Qd7 38. Kh2 h5 39. Bb5 Rb7 40. Rc8 Qxc8
41. Rxc8 Bxc8 42. Qxd5 Rc7 43. Bc4 Be6 44. Qe4 Bxc4 45. bxc4 b3 46. Qb1 Rb7 47.
a5 Bc5 48. a6 Rb8 49. Qb2 Bd4 50. Qxd4 b2 51. a7 b1=Q 52. axb8=Q+ Qxb8 53. c5
Qb1 54. Qc4 h4 55. Qe2 Qc1 56. Qf2 Qc4 57. Qxh4 Qxc5 58. Qe1 Qc2+ 59. Kg3 Qd3+
60. Kg4 Qf5+ 61. Kg3 Qd3+ 62. Kg2 Qc2+ 63. Qf2 Qf5 64. Kg3 Qe4 65. Qf3 Qf5 66.
Qa8+ Kg7 67. Qd8 Qc2 68. Qf6+ Kg8 69. e6 Qd3+ 70. Kh4 fxe6 71. Qxe6+ Kg7 72.
Qe5+ Kh7 73. Qe8 Qf3 74. Qf7+ Kh8 75. Qf8+ Kh7 76. Qh6+ Kg8 77. Qxg6+ Kh8 78.
Qf5 Qf2+ 79. Kh5 Qg3 80. Kg6 Qxf4 81. Qxf4 1-0

[Event "I Festival A"]
[Site "Fano ITA"]
[Date "2012.08.05"]
[Round "9"]
[White "Gallucci, Alessio"]
[Black "Fico, Massimiliano"]
[WhiteElo "2245"]
[BlackElo "2281"]
[Result "0-1"]
[PlyCount "50"]
[EventDate "2012.07.30"]

1. d4 d5 2. Nf3 Nc6 3. e3 Bg4 4. h3 Bh5 5. Bb5 e6 6. g4 Bg6 7. Ne5 Nge7 8. c4
f6 9. Nxg6 hxg6 10. Nc3 a6 11. Ba4 dxc4 12. Qf3 b5 13. Bc2 f5 14. Ne2 Nd5 15.
a3 Qd7 16. e4 fxe4 17. Bxe4 O-O-O 18. Be3 Bd6 19. O-O-O Rdf8 20. Qg2 Nce7 21.
Kb1 b4 22. axb4 Bxb4 23. Bc2 Qb5 24. Qe4 Kd7 25. Bf4 Rxf4 0-1

[Event "I Festival A"]
[Site "Fano ITA"]
[Date "2012.08.05"]
[Round "9"]
[White "Mandolini, Riccardo"]
[Black "Gambardella, Piero"]
[WhiteElo "2091"]
[BlackElo "1992"]
[Result "0-1"]
[PlyCount "30"]
[EventDate "2012.07.30"]

1. Nc3 e5 2. e4 Nf6 3. Bc4 Nxe4 4. Qh5 Nd6 5. Qxe5+ Qe7 6. Qxe7+ Bxe7 7. Bd5 c6
8. Bb3 Nf5 9. Nge2 d5 10. d3 O-O 11. O-O Na6 12. d4 Bf6 13. Rd1 Nc7 14. Na4 Re8
15. Kf1 b6 0-1

[Event "I Festival A"]
[Site "Fano ITA"]
[Date "2012.08.05"]
[Round "9"]
[White "Parpinel, Marco"]
[Black "Varvaglione, Antonio"]
[WhiteElo "2159"]
[BlackElo "2011"]
[Result "1-0"]
[PlyCount "49"]
[EventDate "2012.07.30"]

1. e4 d6 2. Nc3 Nf6 3. d4 e5 4. Nf3 Nbd7 5. Bc4 Be7 6. h3 O-O 7. Be3 c6 8. a4
b6 9. O-O a6 10. Qe2 Bb7 11. dxe5 dxe5 12. Rfd1 Qc7 13. Nh4 b5 14. Nf5 Nc5 15.
b4 Ncxe4 16. Nxe4 Nxe4 17. Qg4 Bf6 18. Rd7 h5 19. Rxc7 hxg4 20. Bd3 Nc3 21.
Rxb7 e4 22. Bf1 Ne2+ 23. Bxe2 Bxa1 24. axb5 axb5 25. Ne7+ 1-0

[Event "I Festival A"]
[Site "Fano ITA"]
[Date "2012.08.05"]
[Round "9"]
[White "Pein, Malcolm"]
[Black "Brancaleoni, Maurizio"]
[WhiteElo "2377"]
[BlackElo "2224"]
[Result "1/2-1/2"]
[PlyCount "53"]
[EventDate "2012.07.30"]

1. d4 d5 2. c4 e6 3. Nc3 Be7 4. Nf3 Nf6 5. Bf4 O-O 6. e3 Nbd7 7. Qc2 c5 8. dxc5
Nxc5 9. Be2 dxc4 10. Bxc4 a6 11. Ne5 Ncd7 12. O-O Nxe5 13. Bxe5 Qa5 14. Bg3 Nh5
15. Bd3 g6 16. Be4 Nxg3 17. hxg3 Ra7 18. a3 b5 19. b4 Qb6 20. Rac1 Rd8 21. Ne2
Bf6 22. Nf4 Bd7 23. Nd3 Be8 24. Nc5 Rc7 25. Qe2 Rdc8 26. Qd2 Rd8 27. Qe2
1/2-1/2

[Event "I Festival A"]
[Site "Fano ITA"]
[Date "2014.08.05"]
[Round "9"]
[White "Pulito, Alberto"]
[Black "Caprio, Guido"]
[WhiteElo "2252"]
[BlackElo "2430"]
[Result "1-0"]
[PlyCount "57"]
[EventDate "2012.07.30"]

1. e4 b6 2. d4 Bb7 3. Nc3 e6 4. Nf3 Bb4 5. Bd3 Nf6 6. Qe2 c5 7. O-O Bxc3 8.
bxc3 c4 9. Bxc4 Nxe4 10. Ba3 Qc7 11. Ne5 d6 12. Bb5+ Kd8 13. Qg4 f6 14. Rae1 f5
15. Qh4+ Kc8 16. Ng6 Qd8 17. Qxd8+ Rxd8 18. Nf4 Nd2 19. Nxe6 Rh8 20. Bxd6 a6
21. Bd3 g6 22. Nf4 Nxf1 23. Re7 Nc6 24. Rc7+ Kb8 25. Kxf1 Ka7 26. d5 Na5 27.
Be5 Rac8 28. Rf7 Rhe8 29. Bd4 1-0

[Event "I Festival A"]
[Site "Fano ITA"]
[Date "2012.08.05"]
[Round "9"]
[White "Rago, Riccardo"]
[Black "Rovedi, Mauro"]
[WhiteElo "2079"]
[BlackElo "2056"]
[Result "1/2-1/2"]
[PlyCount "89"]
[EventDate "2012.07.30"]

1. e4 g6 2. d4 Bg7 3. Nf3 d6 4. Bc4 c6 5. O-O d5 6. exd5 cxd5 7. Bb3 Nf6 8. Nc3
O-O 9. Bf4 Nc6 10. h3 Na5 11. Nb5 Nxb3 12. axb3 Bd7 13. Na3 h6 14. Re1 g5 15.
Be5 Bf5 16. Nh2 Rc8 17. c3 a6 18. f3 Rc6 19. b4 Qb6 20. Qd2 Rfc8 21. Kh1 Bf8
22. h4 Nh7 23. Bg3 Re6 24. Nc2 Bxc2 25. Qxc2 Rxe1+ 26. Rxe1 e6 27. Ng4 h5 28.
Ne5 Qc7 29. hxg5 Nxg5 30. Bh4 Bh6 31. Qf2 f6 32. Nd3 Re8 33. Nc5 Qf7 34. f4 Nh7
35. Re3 Kh8 36. Rh3 Qg6 37. Nd3 Qg4 38. Kh2 Rg8 39. Re3 Re8 40. g3 Qg6 41. Qe1
Nf8 42. Qe2 Qf5 43. Ne1 Ng6 44. Ng2 Kg8 45. Rf3 1/2-1/2

[Event "I Festival A"]
[Site "Fano ITA"]
[Date "2012.08.05"]
[Round "9"]
[White "Rizzardi, Franco"]
[Black "Rubini, Alessandro"]
[WhiteElo "2026"]
[BlackElo "1917"]
[Result "1-0"]
[PlyCount "71"]
[EventDate "2012.07.30"]

1. e4 c5 2. Nf3 e6 3. d4 cxd4 4. Nxd4 a6 5. Nc3 Qc7 6. Bd3 b5 7. O-O Bb7 8. Kh1
Nf6 9. Qe2 d6 10. f4 Be7 11. e5 dxe5 12. fxe5 Nd5 13. Nxd5 Bxd5 14. Bf4 Nd7 15.
a4 Qb6 16. Nb3 b4 17. a5 Qb7 18. Bg3 O-O 19. Rf2 f6 20. Qh5 f5 21. Bf4 Nc5 22.
Nxc5 Bxc5 23. Re2 Bd4 24. Rb1 Qc7 25. h3 Qxa5 26. Kh2 Qa2 27. c3 Be4 28. Rxe4
fxe4 29. Bxe4 Rf5 30. Bxf5 exf5 31. Qxf5 Rf8 32. Qe4 bxc3 33. bxc3 Bxc3 34. Rc1
Bd2 35. Bxd2 Qxd2 36. Qc4+ 1-0

[Event "I Festival A"]
[Site "Fano ITA"]
[Date "2012.08.05"]
[Round "9"]
[White "Rusev, Krasimir"]
[Black "David, Alberto"]
[WhiteElo "2540"]
[BlackElo "2605"]
[Result "1/2-1/2"]
[PlyCount "26"]
[EventDate "2012.07.30"]

1. d4 f5 2. Nf3 Nf6 3. Bg5 Ne4 4. Bf4 e6 5. Nbd2 Nf6 6. e3 b6 7. Bd3 Bb7 8. Qe2
Bd6 9. Bg5 Be7 10. Bxf6 Bxf6 11. e4 fxe4 12. Nxe4 Qe7 13. c3 Nc6 1/2-1/2

[Event "I Festival A"]
[Site "Fano ITA"]
[Date "2012.08.05"]
[Round "9"]
[White "Salzano, Guido"]
[Black "Cardarelli, Angelo"]
[WhiteElo "2023"]
[BlackElo "1954"]
[Result "1-0"]
[PlyCount "67"]
[EventDate "2012.07.30"]

1. e4 e6 2. d4 d5 3. Nd2 Be7 4. Ngf3 Nf6 5. e5 Nfd7 6. Bd3 c5 7. c3 Nc6 8. O-O
a5 9. a4 cxd4 10. cxd4 Nb4 11. Bb1 b6 12. Re1 Ba6 13. Nf1 Rc8 14. Ng3 h5 15.
Ne2 g5 16. h4 gxh4 17. Nf4 Nf8 18. Nh3 Rg8 19. Bh6 Rc4 20. Nf4 Qc7 21. Nxh5 Ng6
22. Bg5 Nc2 23. Bxc2 Rxc2 24. Bxe7 Kxe7 25. Nf6 Rc8 26. Ng5 Nf4 27. Qf3 Ne2+
28. Rxe2 Bxe2 29. Nxd5+ Kf8 30. Nxe6+ Kg8 31. Nf6+ Kh8 32. Qf4 Rc1+ 33. Kh2
fxe6 34. Qh6+ 1-0

[Event "I Festival A"]
[Site "Fano ITA"]
[Date "2012.08.05"]
[Round "9"]
[White "Solodovnichenko, Yuri"]
[Black "Laketic, Gojko"]
[WhiteElo "2598"]
[BlackElo "2440"]
[Result "1-0"]
[PlyCount "59"]
[EventDate "2012.07.30"]

1. e4 d6 2. d4 Nf6 3. Nc3 e5 4. Nf3 Nbd7 5. Bc4 Be7 6. O-O O-O 7. Re1 c6 8. a4
b6 9. Ba2 a6 10. h3 Rb8 11. Be3 Bb7 12. dxe5 dxe5 13. Nh4 Nd5 14. Nf5 Nxe3 15.
Rxe3 Nf6 16. Rg3 g6 17. Qc1 Nh5 18. Qh6 Kh8 19. Rd3 Qc7 20. Rad1 Bc8 21. Bxf7
Bxf5 22. exf5 Bg5 23. Qxg5 Qxf7 24. fxg6 Qxf2+ 25. Kh1 Rf5 26. Rd8+ Rxd8 27.
Rxd8+ Kg7 28. gxh7+ Rxg5 29. h8=Q+ Kg6 30. Rg8+ 1-0

[Event "I Festival A"]
[Site "Fano ITA"]
[Date "2012.08.05"]
[Round "9"]
[White "Stella, Andrea"]
[Black "Prohaszka, Peter"]
[WhiteElo "2442"]
[BlackElo "2562"]
[Result "1/2-1/2"]
[PlyCount "56"]
[EventDate "2012.07.30"]

1. Nf3 d5 2. c4 c6 3. d4 Nf6 4. e3 g6 5. Nbd2 Bg7 6. b4 O-O 7. Be2 Ne4 8. Qb3
a5 9. b5 a4 10. Qa3 cxb5 11. cxb5 Bf5 12. O-O Nd7 13. Bb2 Re8 14. Rfd1 Ndf6 15.
Nxe4 Nxe4 16. Nd2 Nxd2 17. Rxd2 Bf8 18. Bc3 e5 19. Bb4 Qa5 20. Bxa5 Bxa3 21.
Bb6 Bb4 22. Rdd1 Bc2 23. Rf1 Rac8 24. a3 Bc3 25. Rac1 Bd2 26. Ra1 Bc3 27. Rac1
Bd2 28. Ra1 Bc3 1/2-1/2

[Event "I Festival A"]
[Site "Fano ITA"]
[Date "2012.08.05"]
[Round "9"]
[White "Vincenzi, Marco"]
[Black "Tonel, Giulia"]
[WhiteElo "2103"]
[BlackElo "1967"]
[Result "1/2-1/2"]
[PlyCount "94"]
[EventDate "2012.07.30"]

1. e4 d6 2. d4 Nf6 3. Nc3 g6 4. Nf3 Bg7 5. Be2 O-O 6. O-O Nc6 7. h3 e5 8. d5
Ne7 9. Bg5 a6 10. Qd2 Qe8 11. Bh6 b5 12. a3 Nh5 13. Rfe1 f5 14. Bxg7 Kxg7 15.
exf5 Nf4 16. f6+ Rxf6 17. Ng5 Bb7 18. Bf3 h6 19. Nge4 Nxh3+ 20. Kh2 Rxf3 21.
gxf3 Nf4 22. Rg1 Qd7 23. Rg4 Rf8 24. Rh1 h5 25. Rg5 Bxd5 26. Nxd5 Nexd5 27. Kg1
Ne7 28. Rxe5 Nc6 29. Rc5 Qe8 30. Rg5 Ne5 31. Rg3 Qe6 32. Rh4 Nc4 33. Qd1 Nxb2
34. Qd4+ Qe5 35. Qxe5+ dxe5 36. Nc5 Ne2+ 37. Kg2 Rf5 38. Nxa6 Nxg3 39. fxg3 Rf6
40. Nxc7 Rc6 41. Nxb5 Rxc2+ 42. Kg1 Rc5 43. Rb4 Rc1+ 44. Kg2 Rc2+ 45. Kg1 Rc1+
46. Kg2 Rc2+ 47. Kg1 Rc1+ 1/2-1/2